000 00575nam a2200217 a 4500
005 20210219153329.0
008 991125n 000 0 spa u
035 _aUPN01000091624
100 1 _aBuiza Hernández, Avelino
222 _aCUADERNOS DE PEDAGOGIA
245 _aA partir de las galletas
260 _aBarcelona, España
300 _a38-39
362 0 _a1992 No. 204, jun.
653 0 _aALIMENTACION
653 0 _aEDUCACION INFANTIL
653 0 _aEDUCACION SANITARIA
653 0 _aELABORACION DE ALIMENTOS
904 _aAC
_b029435
905 _aArticulo
999 _c74047
_d74047